| 000 | 00450nam a2200169 a 4500 | ||
|---|---|---|---|
| 005 | 20140412111317.0 | ||
| 008 | 010416s19uu xx 00 eng d | ||
| 020 | _a0-11-884066-5 | ||
| 050 |
_aM 551.2 _bV274 1983 |
||
| 100 | _avan Rose, Susanna | ||
| 245 |
_aEarthquakes : _bGeological museum / _cSusanna van Rose. |
||
| 260 |
_a[s.l.] : _b[s.n.], _c[n.d.] |
||
| 300 | _a36p. ; ill. | ||
| 650 | _aEarthquakes | ||
| 999 |
_c104268 _d104268 |
||